[Event "ISR-chT"]
[Site "Israel"]
[Date "2024.02.10"]
[Round "6.12"]
[White "Michaeli, Omri"]
[Black "Huzman, Alexander"]
[Result "0-1"]
[WhiteElo "1942"]
[BlackElo "2539"]
[PlyCount "92"]
[EventDate "2024.01.10"]
[EventType "team-tourn"]
[EventRounds "11"]
[EventCountry "ISR"]
[SourceTitle "CB09_2024"]
[SourceDate "2024.02.28"]
[SourceVersion "1"]
[SourceVersionDate "2024.02.28"]
[SourceQuality "1"]
[WhiteTeam "Herzliya Haim"]
[BlackTeam "Beer Sheva"]
[WhiteTeamCountry "ISR"]
[BlackTeamCountry "ISR"]

1. e4 c6 2. d4 d5 3. Nd2 dxe4 4. Nxe4 Bf5 5. Nc5 Nd7 6. Bd3 Bxd3 7. Nxd3 e6 8. Nf3 Bd6 9. 0-0 Ngf6 10. Re1 Qc7 11. Qe2 0-0 12. h3 c5 13. dxc5 Nxc5 14. Nxc5 Bxc5 15. Bg5 Nd5 16. c4 Nf4 17. Qe4 Ng6 18. b3 h6 19. Bd2 a5 20. Bc3 Bb4 21. Re3 Bxc3 22. Rxc3 Rfd8 23. Rac1 Rd7 24. c5 Rad8 25. g3 Ne7 26. a3 Rd1+ 27. Kh2 Qc6 28. Qe2 Rxc1 29. Rxc1 Qd5 30. b4 Qb3 31. bxa5 Qxa3 32. Rb1 Qxa5 33. Rxb7 Qxc5 34. Ne5 Re8 35. Nd7 Qd5 36. Qg4 Qxb7 37. Nf6+ Kh8 38. Nxe8 Nf5 39. Qf4 Qc6 40. Qb8 Kh7 41. Nc7 Nd4 42. h4 Qc2 43. Kg1 Qd1+ 44. Kg2 Qf3+ 45. Kh3 Qh1+ 46. Kg4 f5+ 0-1

[Event "Ramat Gan Spring op"]
[Site "Ramat Gan"]
[Date "2023.06.26"]
[Round "7"]
[White "Noy, Eyal"]
[Black "Michaeli, Omri"]
[Result "1-0"]
[WhiteElo "2141"]
[BlackElo "1874"]
[PlyCount "167"]
[EventDate "2023.05.01"]
[EventType "swiss"]
[EventRounds "7"]
[EventCountry "ISR"]
[SourceTitle "CBM 215 Extra"]
[Source "ChessBase"]
[SourceDate "2023.09.30"]
[SourceVersion "1"]
[SourceVersionDate "2023.09.30"]
[SourceQuality "1"]

1. Nc3 Nf6 2. d4 d5 3. Bf4 Bf5 4. Nb5 Na6 5. a4 c6 6. Na3 e6 7. c3 Qb6 8. b3 Bxa3 9. Rxa3 Nb4 10. a5 Qb5 11. e4 Nxe4 12. Bxb5 Nxc3 13. Qd2 Nc2+ 14. Qxc2 Bxc2 15. Bf1 Kd7 16. b4 Nb5 17. Bxb5 cxb5 18. Ne2 Rac8 19. Kd2 Rc4 20. Rc1 Rhc8 21. Rc3 Bg6 22. Be3 f6 23. f3 a6 24. Bf2 R8c6 25. Rxc4 bxc4 26. Ra1 Rc8 27. Nc3 Kc6 28. Ra2 Ra8 29. Rb2 b5 30. axb6 Kxb6 31. Na4+ Kb5 32. Nc5 Bf7 33. Kc3 Ra7 34. Bg3 h5 35. Bd6 Ra8 36. Bf4 Ra7 37. Bg3 Bg8 38. f4 Bh7 39. Ra2 Bf5 40. Ra5+ Kb6 41. Be1 Ra8 42. Bd2 Ra7 43. Bc1 Ra8 44. Bd2 Ra7 45. Kb2 Bg4 46. Ka3 Bf5 47. h3 Bg6 48. Nxe6 Bf5 49. Rxd5 Bxe6 50. Rd6+ Kb5 51. Rxe6 Rd7 52. Bc3 g5 53. Rxf6 gxf4 54. Rxf4 Rg7 55. Rf5+ Kb6 56. g4 hxg4 57. hxg4 Rxg4 58. Rc5 Rg1 59. Rxc4 Rg5 60. Rc5 Rg1 61. Kb3 Rc1 62. Kc4 Rc2 63. Rf5 Rc1 64. Rf6+ Kb7 65. d5 Rc2 66. Rc6 Rc1 67. Kd4 Rc2 68. Ke5 Re2+ 69. Kd6 Rh2 70. Ke6 Rh5 71. Bf6 a5 72. bxa5 Rh2 73. Rc5 Rh5 74. Rc1 Rh3 75. d6 Re3+ 76. Be5 Rd3 77. d7 Ka6 78. Rc6+ Kb7 79. Rd6 Re3 80. Rb6+ Ka7 81. d8N Ka8 82. Rb8+ Ka7 83. Nc6+ Ka6 84. Rb6# 1-0

[Event "Ramat Gan Shavuot op"]
[Site "Ramat Gan"]
[Date "2023.05.25"]
[Round "2"]
[White "Michaeli, Omri"]
[Black "Iliaguev, Daniel"]
[Result "1-0"]
[WhiteElo "1874"]
[BlackElo "2134"]
[PlyCount "141"]
[EventDate "2023.05.25"]
[EventType "swiss (rapid)"]
[EventRounds "6"]
[EventCountry "ISR"]
[SourceTitle "CBM 214 Extra"]
[Source "ChessBase"]
[SourceDate "2023.07.31"]
[SourceVersion "1"]
[SourceVersionDate "2023.07.31"]
[SourceQuality "1"]

1. e4 e6 2. d4 d5 3. Nc3 Bb4 4. e5 Ne7 5. Qg4 c5 6. a3 Qa5 7. Bd2 cxd4 8. Qxd4 Nbc6 9. Qd3 Nxe5 10. Qb5+ N5c6 11. 0-0-0 Qxb5 12. Nxb5 Bxd2+ 13. Rxd2 0-0 14. Nf3 Bd7 15. h4 a6 16. Nc3 Rac8 17. h5 Rfd8 18. Rh4 b5 19. Kb1 Be8 20. g3 h6 21. Bh3 Na5 22. Ne5 Nc4 23. Nxc4 bxc4 24. Ne2 Rb8 25. Ka2 e5 26. f4 f6 27. Be6+ Bf7 28. Bxf7+ Kxf7 29. fxe5 fxe5 30. Ng1 Rbc8 31. Nf3 c3 32. Nxe5+ Kg8 33. Re2 cxb2 34. Kxb2 Rb8+ 35. Rb4 Rxb4+ 36. axb4 Nf5 37. Nc6 Rd7 38. g4 Nd6 39. Ne7+ Kf7 40. Nxd5 Nb5 41. c4 Nd4 42. Rf2+ Ke6 43. Kc3 Ke5 44. Rd2 Nf3 45. Rf2 Ng5 46. Re2+ Kd6 47. Nb6 Rf7 48. c5+ Kc6 49. Nc4 Rf1 50. Ne5+ Kd5 51. Nd3 Ne4+ 52. Kb3 Rb1+ 53. Kc2 Rg1 54. Nf4+ Kd4 55. Ne6+ Ke5 56. Nxg7 Rxg4 57. Ne8 Ke6 58. Nd6 Kd5 59. Rxe4 Rg2+ 60. Kd3 Rh2 61. Rd4+ Kc6 62. Nf7 Rxh5 63. Rd6+ Kb5 64. Rxh6 Rxh6 65. Nxh6 a5 66. Nf5 axb4 67. Kd4 b3 68. Nd6+ Kb4 69. Nc4 Kb5 70. Nb2 Kb4 71. c6 1-0

[Event "ISR-chT U18"]
[Site "Beer Yaakov"]
[Date "2022.08.14"]
[Round "1.1"]
[White "Ben Ari, Yannay"]
[Black "Michaeli, Omri"]
[Result "1-0"]
[WhiteElo "2392"]
[BlackElo "1871"]
[PlyCount "87"]
[EventDate "2022.08.14"]
[EventType "team-swiss"]
[EventRounds "7"]
[EventCountry "ISR"]
[SourceTitle "CBM 209 Extra"]
[Source "ChessBase"]
[SourceDate "2022.09.30"]
[SourceVersion "1"]
[SourceVersionDate "2022.09.30"]
[SourceQuality "1"]

1. d4 Nf6 2. c4 e6 3. Nc3 Bb4 4. e3 b6 5. Nge2 0-0 6. a3 Bxc3+ 7. Nxc3 Bb7 8. b3 d6 9. Bd3 Nbd7 10. 0-0 e5 11. d5 Qe7 12. Bc2 h6 13. e4 g5 14. h4 Nh7 15. hxg5 hxg5 16. Ne2 Ndf6 17. Ng3 Bc8 18. f3 Kg7 19. Kf2 Rg8 20. Be3 Kf8 21. Rh1 g4 22. f4 exf4 23. Bxf4 Ng5 24. Qd4 Nd7 25. Rh6 Ne5 26. Rah1 f6 27. Qe3 Qg7 28. Ke2 Bd7 29. Kd1 Kf7 30. Qf2 Raf8 31. Bxe5 dxe5 32. Nf5 Bxf5 33. Qxf5 Ke8 34. Qc8+ Ke7 35. Qxc7+ Ke8 36. Qb8+ Kd7 37. Qxa7+ Kc8 38. Qa8+ Kc7 39. Qa7+ Kc8 40. Qa8+ Kc7 41. Qc6+ Kb8 42. Qxb6+ Ka8 43. b4 Rh8 44. Ba4 1-0